Catálogo

LA POLITICA DEL DESARROLLO MEXICANO (Registro nro. 29815)

Detalles MARC
000 -LEADER
fixed length control field 00515nam a2200181 a 4500
001 - CONTROL NUMBER
control field 29815
005 - DATE AND TIME OF LATEST TRANSACTION
control field 20180713232925.0
008 - FIXED-LENGTH DATA ELEMENTS--GENERAL INFORMATION
fixed length control field 140415s1978 mx 000 0 spa d
041 ## - LANGUAGE CODE
Language code of text/sound track or separate title spa
082 ## - DEWEY DECIMAL CLASSIFICATION NUMBER
Classification number 332.4672
Item number HAN
100 1# - MAIN ENTRY--PERSONAL NAME
Personal name HANSEN, ROGER D.
245 13 - TITLE STATEMENT
Title LA POLITICA DEL DESARROLLO MEXICANO
250 ## - EDITION STATEMENT
Edition statement 8a ed.
260 ## - PUBLICATION, DISTRIBUTION, ETC.
Place of publication, distribution, etc. MEXICO :
Name of publisher, distributor, etc. SIGLO VEINTIUNO EDITORES,
Date of publication, distribution, etc. 1978
300 ## - PHYSICAL DESCRIPTION
Extent 340
650 14 - SUBJECT ADDED ENTRY--TOPICAL TERM
Topical term or geographic name entry element MEXICO
General subdivision DESARROLLO ECONOMICO
-- MEXICO
-- POLITICA
700 1# - ADDED ENTRY--PERSONAL NAME
Personal name ZAMORA, CLEMENTINA
Relator term tr.
Existencias
Withdrawn status Lost status Source of classification or shelving scheme Damaged status Not for loan Collection code Home library Current library Shelving location Date acquired Source of acquisition Inventory number Total Checkouts Full call number Barcode Date last seen Date last checked out Price effective from Koha item type
    Dewey Decimal Classification     General Biblioteca Karol Wojtyla Biblioteca Karol Wojtyla Sala general 03/12/2013 Compra 151000000000000000049708 1 332.4672 HAN 5040 05/01/2026 22/02/2019 03/12/2013 Libro